<?xml version="1.0" encoding="UTF-8"?>
<record
    xmlns:xsi="http://www.w3.org/2001/XMLSchema-instance"
    xsi:schemaLocation="http://www.loc.gov/MARC21/slim http://www.loc.gov/standards/marcxml/schema/MARC21slim.xsd"
    xmlns="http://www.loc.gov/MARC21/slim">

  <leader>00884nam a22002537a 4500</leader>
  <controlfield tag="005">20231102151817.0</controlfield>
  <controlfield tag="008">150427b2011    mx ||||fr|||||||1 ||spa d</controlfield>
  <datafield tag="020" ind1=" " ind2=" ">
    <subfield code="a">9786074261547</subfield>
  </datafield>
  <datafield tag="050" ind1="0" ind2="4">
    <subfield code="a">K302</subfield>
    <subfield code="b">P47 2011</subfield>
  </datafield>
  <datafield tag="100" ind1="1" ind2=" ">
    <subfield code="a">Pereznieto Castro, Leonel</subfield>
    <subfield code="e">autor</subfield>
    <subfield code="9">3263</subfield>
  </datafield>
  <datafield tag="245" ind1="1" ind2="0">
    <subfield code="a">Derecho internacional privado</subfield>
    <subfield code="b">:parte general</subfield>
    <subfield code="c">/ Leonel Pereznieto Castro</subfield>
  </datafield>
  <datafield tag="260" ind1="3" ind2=" ">
    <subfield code="a">M&#xE9;xico</subfield>
    <subfield code="b"> :Oxford</subfield>
    <subfield code="c">,2011</subfield>
  </datafield>
  <datafield tag="300" ind1=" " ind2=" ">
    <subfield code="a">479 p&#xE1;gina</subfield>
    <subfield code="e">+ CD-ROM</subfield>
  </datafield>
  <datafield tag="337" ind1=" " ind2=" ">
    <subfield code="a">texto</subfield>
  </datafield>
  <datafield tag="338" ind1=" " ind2=" ">
    <subfield code="a">sin medio</subfield>
  </datafield>
  <datafield tag="339" ind1=" " ind2=" ">
    <subfield code="a">vol&#xFA;men</subfield>
  </datafield>
  <datafield tag="490" ind1=" " ind2=" ">
    <subfield code="a">Textos jur&#xED;dicos universitarios</subfield>
  </datafield>
  <datafield tag="500" ind1=" " ind2=" ">
    <subfield code="a">Educaci&#xF3;n Mixta
Derecho / Derecho internacional privado (P30) / (13 003073)</subfield>
  </datafield>
  <datafield tag="650" ind1="1" ind2="4">
    <subfield code="a">DERECHO INTERNACIONAL</subfield>
    <subfield code="9">16</subfield>
  </datafield>
  <datafield tag="650" ind1="2" ind2="4">
    <subfield code="a">CONFLICTOS DE LEYES</subfield>
    <subfield code="z">M&#xC9;XICO</subfield>
    <subfield code="9">3264</subfield>
  </datafield>
  <datafield tag="650" ind1="2" ind2="4">
    <subfield code="a">CIUDADAN&#xCD;A</subfield>
    <subfield code="z">M&#xC9;XICO</subfield>
    <subfield code="9">3265</subfield>
  </datafield>
  <datafield tag="942" ind1=" " ind2=" ">
    <subfield code="2">lcc</subfield>
    <subfield code="c">LB</subfield>
  </datafield>
  <datafield tag="952" ind1=" " ind2=" ">
    <subfield code="0">0</subfield>
    <subfield code="1">0</subfield>
    <subfield code="2">lcc</subfield>
    <subfield code="4">0</subfield>
    <subfield code="7">0</subfield>
    <subfield code="a">13</subfield>
    <subfield code="b">13</subfield>
    <subfield code="d">2015-04-27</subfield>
    <subfield code="l">9</subfield>
    <subfield code="o">KZ1249 P47 2011</subfield>
    <subfield code="p">13 003073</subfield>
    <subfield code="r">2019-06-10</subfield>
    <subfield code="s">2019-05-08</subfield>
    <subfield code="t">1</subfield>
    <subfield code="w">2023-11-02</subfield>
    <subfield code="y">LB</subfield>
  </datafield>
  <datafield tag="999" ind1=" " ind2=" ">
    <subfield code="c">96480</subfield>
    <subfield code="d">96480</subfield>
  </datafield>
</record>
